<?xml version="1.0" encoding="UTF-8"?>
<collection xmlns="http://www.loc.gov/MARC21/slim">
 <record>
  <leader>     na                 </leader>
  <controlfield tag="001">INLIS000000000014922</controlfield>
  <controlfield tag="005">20251029013041</controlfield>
  <datafield tag="035" ind1=" " ind2=" ">
   <subfield code="a">0010-1025000062</subfield>
  </datafield>
  <datafield tag="245" ind1="1" ind2=" ">
   <subfield code="a">Street photography :</subfield>
   <subfield code="b">jurus sakti fotografi jalanan terlengkap /</subfield>
   <subfield code="c">Asdani Kindarto</subfield>
  </datafield>
  <datafield tag="100" ind1="0" ind2=" ">
   <subfield code="a">Asdani Kindarto</subfield>
  </datafield>
  <datafield tag="300" ind1=" " ind2=" ">
   <subfield code="a">viii, 124 hlm.: 23 cm. :</subfield>
   <subfield code="b">Ilustrasi berwarna</subfield>
  </datafield>
  <datafield tag="700" ind1="0" ind2=" ">
   <subfield code="a">Dwi Prabantini (editor)</subfield>
  </datafield>
  <datafield tag="260" ind1=" " ind2=" ">
   <subfield code="a">Yogyakarta :</subfield>
   <subfield code="b">Andi,</subfield>
   <subfield code="c">2016</subfield>
  </datafield>
  <datafield tag="082" ind1=" " ind2=" ">
   <subfield code="a">770</subfield>
  </datafield>
  <datafield tag="084" ind1=" " ind2=" ">
   <subfield code="a">770 ASD s</subfield>
  </datafield>
  <datafield tag="020" ind1=" " ind2=" ">
   <subfield code="a">978-979-29-5890-4</subfield>
  </datafield>
  <datafield tag="650" ind1=" " ind2=" ">
   <subfield code="a">Fotografi</subfield>
  </datafield>
  <datafield tag="520" ind1=" " ind2=" ">
   <subfield code="a">Kamera digital yang semakin murah, praktis, dan kaya akan fitur, begitu menarik perhatian berbagai kalangan. Mulai dari peminat fotografi baru hingga para fotografer profesional. Hal ini ditambah dengan beragamnya media penyimpan atau galeri gratis di internet yang dapat dimanfaatkan untuk memamerkan hasil jepretan foto, seperti Facebook, Flickr, Instagram, yang membuat para pemotret menjadi bersemangat untuk memotret dan memublikasikan setiap karya fotonya melalui galeri online tersebut.&#13;
&#13;
Street photography sendiri adalah salah satu genre atau aliran dalam fotografi yang mengabadikan kondisi di sekitar kita, baik itu objek benda hidup atau benda mati. Biasanya street photography lebih merujuk pada suatu foto yang diambil secara candid, serta-merta, atau alami tanpa rekayasa.&#13;
&#13;
Melalui buku ini, Anda memiliki referensi yang komprehensif dan padat mengenai hakikat street photography. Anda akan menguasai teknik-teknik yang biasa digunakan, bagaimana mengelola pencahayaan sekaligus mengakali keterbatasan kamera, objek yang tidak mau dipotret, gangguan alam saat memotret, dan banyak lagi.</subfield>
  </datafield>
  <controlfield tag="008">251029                d          0 ind  </controlfield>
  <datafield tag="990" ind1=" " ind2=" ">
   <subfield code="a">025.4417/PC/25</subfield>
  </datafield>
  <datafield tag="990" ind1=" " ind2=" ">
   <subfield code="a">025.4418/PC/25</subfield>
  </datafield>
  <datafield tag="990" ind1=" " ind2=" ">
   <subfield code="a">025.4419/PC/25</subfield>
  </datafield>
 </record>
</collection>
